| 000 | 00640nam a22002057a 4500 | ||
|---|---|---|---|
| 082 |
_a355.5095491 _bGUI |
||
| 100 |
_aPMA Kakul _948806 |
||
| 245 | _aA guide book for gentlemen cadets | ||
| 260 |
_aRawalpindi _bThe army press _c1989 |
||
| 300 | _aiv, 172p; | ||
| 526 |
_a0 _b0 _c0 _d355_509549100000000_GUI |
||
| 526 |
_a0 _b0 _c0 _d355_509549100000000_GUI |
||
| 526 |
_a0 _b0 _c0 _d355_509549100000000_GUI |
||
| 526 |
_a0 _b0 _c0 _d355_509549100000000_GUI |
||
| 526 |
_a0 _b0 _c0 _d355_509549100000000_GUI |
||
| 526 |
_a0 _b0 _c0 _d355_509549100000000_GUI |
||
| 526 |
_a0 _b0 _c0 _d355_509549100000000_GUI |
||
| 650 |
_aMCE _9379 |
||
| 942 |
_2ddc _cBK |
||
| 999 |
_c551663 _d551663 |
||